House of lies : how management consultants steal your watch and then tell you the time
| Main Author: | |
|---|---|
| Format: | Book |
| Published: |
New York :
Warner Business Books, Inc. ,
2005
|
| Subjects: |
MARC
| LEADER | 00000cam a2200000 7i4500 | ||
|---|---|---|---|
| 001 | 0000096611 | ||
| 005 | 20060209.0 | ||
| 020 | |a 0446576565 | ||
| 090 | 0 | 0 | |a 658.46 |b KIH |
| 100 | 1 | |a Kihn, Martin | |
| 245 | 1 | 0 | |a House of lies : |b how management consultants steal your watch and then tell you the time |c Martin Kihn |
| 260 | |a New York : |b Warner Business Books, Inc. , |c 2005 | ||
| 300 | |a 271p. ; |c 24cm. | ||
| 650 | 0 | 0 | |a Business consultants |
| 999 | |a 00188472 |b BUKU |c PINJAMAN |e PERPUSTAKAAN KOMUNITI PETALING JAYA | ||